Stati per riserve di Uranio - Statistics

Statistiche generali
  • Questo quiz è stato fatto 6 volte
  • Il punteggio medio è 8 su 10
Statistiche sulle risposte
Riserve (Tonnellate) Continente Nazione % Corretto
2 049 000 Oceania Australia
100%
873 000 America del Nord Canada
100%
661 900 Asia / Europa Russia
100%
276 800 America del Sud Brasile
83%
447 700 Africa Sudafrica
83%
186 900 Europa Ucraina
83%
269 700 Asia Cina
67%
969 200 Asia / Europa Kazakistan
67%
504 200 Africa Namibia
50%
439 400 Africa Niger
50%
Nessun quiz corrispondente trovato
Distribuzione punteggi
Percentuale di utenti per punteggio
Percentile per numero di risposta
I tuoi punteggi nel tempo
Non hai fatto questo quiz